|
|
|
|
| LEADER |
00986nam a22002057a 4500 |
| 003 |
GR-PaULI |
| 005 |
20210117211032.0 |
| 007 |
ta |
| 008 |
200204s1980 f|||f |||| 00| 0 eng d |
| 952 |
|
|
|0 0
|1 0
|2 lcc
|4 0
|6 HB0901
|7 1
|9 238841
|a MEDI
|b MEDI
|c DON
|d 2020-02-04
|i 6847
|l 0
|o HB901
|p 025000176126
|r 2020-02-04 00:00:00
|t 1
|v 2020.00
|w 2020-02-04
|y BKN
|z Δωρεά Β. Βαλαώρα (αίθουσα δωρεών)
|
| 999 |
|
|
|c 144219
|d 144219
|
| 040 |
|
|
|a GR-PaULI
|b gre
|c GR-PaULI
|e AACR2
|
| 060 |
|
|
|a HB901
|
| 245 |
0 |
4 |
|a The United Nations programme for comparative analysis of world fertility survey data :
|b a project of the United Nations carried out in collaboration with the United Nations Fund for population activities
|
| 260 |
|
|
|a [χ.τ.] :
|b United Nations Fund for Population Activities,
|c 1980.
|
| 300 |
|
|
|a iv, 169 σ. :
|b πίν. ;
|c 28 εκ.
|
| 650 |
|
4 |
|9 140550
|a Γονιμότητα, Ανθρώπινη
|
| 650 |
|
4 |
|9 25346
|a Δημογραφία
|
| 942 |
|
|
|2 lcc
|c BKN
|
| 998 |
|
|
|c ΜΑΝΙΑΚΗ
|d 2020
|